| 000 | 00381nam a22001577a 4500 | ||
|---|---|---|---|
| 005 | 20251108175805.0 | ||
| 008 | 250721s2001 xx 000 0 eng d | ||
| 082 | 1 | 4 | _a005.43/FLX |
| 100 | 1 | _aFLYNN, IDA M. | |
| 245 | 1 | 0 | _aUNDERSTANDING OPERATING SYSTEMS / |
| 264 |
_bWADSWORTH GROUP, _c2001. |
||
| 300 | _a462p. | ||
| 650 | 1 | 7 | _acomputer |
| 942 |
_2ddc _cBK |
||
| 999 |
_c142505 _d142505 |
||